Real Museo de Bellas Artes de Amberes

Gespeichert in:
Bibliographische Detailangaben
1. Verfasser: Vanbeselaere, Walther (VerfasserIn)
Format: Buch
Sprache:Spanisch
Veröffentlicht: Madrid Codex 1967
Schriftenreihe:El Mundo de los Museos
Schlagworte:
Tags: Tag hinzufügen
Keine Tags, Fügen Sie den ersten Tag hinzu!

MARC

LEADER 00000cam a2200000 a 4500
001 UCZ3677
003 CL-VaPUC
008 951027e19670000SP |||||||||||||||||spa|d
082 0 4 |a 708.949322  |b VAN  |2 21 
100 0 |a Vanbeselaere, Walther  |e author  |9 347500 
245 1 0 |a Real Museo de Bellas Artes de Amberes 
300 |a 85 p 
942 |c BK 
945 |d 19951027 00:00:00  |a rleighto 
260 |a Madrid  |b Codex  |c 1967 
650 0 |a Museos de arte  |9 265235 
650 0 |a Bellas artes  |9 334299 
650 7 |a GALERIAS DE ARTE  |2 CL-VaPUC  |9 347501 
650 0 |a Artes decorativas  |9 266306 
651 7 |a AMBERES  |2 CL-VaPUC  |9 344101 
651 7 |a BELGICA  |2 CL-VaPUC  |9 315122 
583 |a last modification  |c 20131206 02:13:59  |k Rodrigo Vera 
490 0 |a El Mundo de los Museos 
999 |c 240127  |d 240125 
952 |0 0  |1 0  |4 0  |6 708_949322000000000_VAN_1967  |7 0  |8 A  |9 251761  |a BIBARQ  |b BIBARQ  |d 2019-11-18  |i 3145476  |o 708.949322 VAN 1967  |p 3145476  |r 2025-01-20  |w 2019-11-18  |y BK  |k ARQ 
952 |0 0  |1 0  |3 erb  |4 0  |6 708_949322000000000_VAN_1967  |7 0  |8 R  |9 251762  |a BIBART  |b BIBART  |i 5028701  |o 708.949322 VAN 1967  |p 5028701  |r 2025-03-13  |w 2019-11-18  |y BK_R  |z Catalogado en:20131206  |k ART